000 00614nam a22001817a 4500
999 _c194912
_d194912
005 20230130114524.0
010 _aE.N.A./7.11.22
020 _a9789351246770
_c395.00
037 _bAstral International Pvt.
082 _a576
100 _aAdesh Kumar
245 _aQuestion Bank of Microbiology/
_cAdesh Kumar and Sushil Kumar Singh
260 _aNew Delhi
_bAstral International Pvt. Ltd
_c2021
270 _a4736/23 Ansari Road Daryaganj
_bNew Delhi
_e110002
_minfo@astralint.com
_k011-43549197,
300 _a394p.
_c20cm(pbk)
700 _aSushil Kumar Singh
942 _2ddc
_cEN
_h576
_mADE